De los abusos y agresiones sexuales a menores de trece aǫs (anl̀isis de los artc̕ulos 183 y 183 bis CP, conforme a la LO 5/2010) /

Bibliographic Details
Main Author: Monge Fernǹdez, Antonia
Corporate Author: Espanya
Format: Book
Language:Spanish
Published: Barcelona : J. M. Bosch Editor, 2011
Subjects:
Online Access:Acceso restringido

MARC

LEADER 00000nam a2200000 a 4500
005 20120220130131.0
007 cr|||| ||||
008 110131s2011 spc b 000 0 spa c
017 |a DL SE. 166-2011 
020 |a 9788476989579  
035 |a 6009 
040 |d vLex 
080 |a 343.54(460) 
090 |c 2998  |d 2998 
100 1 |a Monge Fernǹdez, Antonia 
245 1 0 |a De los abusos y agresiones sexuales a menores de trece aǫs   |h [Recurso electrn̤ico] :  |b (anl̀isis de los artc̕ulos 183 y 183 bis CP, conforme a la LO 5/2010) /  |c Antonia Monge Fernǹdez 
256 |a Servicio en ln̕ea 
260 |a Barcelona :  |b J. M. Bosch Editor,  |c 2011 
300 |a 1 recurso electrn̤ico 
500 |a La alarma social ocasionada en los medios de comunicacin̤ por diversos episodios de agresiones sexuales sobre niǫs −Caso Mariluz−, con luctuosos desenlaces en la mayor parte de los casos, suscit ̤un enconado debate a nivel polt̕ico y social, que demandaba con urgencia una reforma del Cd̤igo penal, cuya “eficacia” haba̕ sido puesta en tela de juicio por la opinin̤ mayoritaria, sobre todo en lo relativo a la proteccin̤ de las vc̕timas ms̀ desvalidas en el m̀bito de la delincuencia sexual. En aras de soslayar las crt̕icas esgrimidas sobre la vigente regulacin̤ penal en materia de delincuencia sexual con menores, y con el objetivo de acatar el mandato europeo, el legislador penal redact ̤la LO 5/2010, de 22 junio, a tenor de la cual se introduce en el Cd̤igo Penal el Capt̕ulo II bis, rubricado “De los abusos y agresiones sexuales a menores de trece aǫs” (artc̕ulos 183 y 183 bis). La nueva regulacin̤ se caracteriza por un notable incremento de las sanciones punitivas, a la par de suprimir o introducir algunas circunstancias cualificadoras de las conductas. Con relacin̤ al nuevo Capt̕ulo II bis, se otorga una dimensin̤ especial al bien jurd̕ico protegido, en virtud del mayor contenido de injusto que suponen estas conductas, tutelando no sl̤o la indemnidad sexual, sino tambiň la formacin̤ y el desarrollo de la personalidad y sexualidad del menor.  
504 |a Bibliografa̕: p. [239]-253. Índice 
506 1 |a Contenido solo disponible en los productos indicados  |d vLex Global   |d vLex Global (Academic Edition, excluding Law Schools)   |d vLex Global (U.S. Academic Edition, Law Schools)   |d vLex Global (U.S. Academic Edition, excluding Law Schools)   |d vLex Global (Academic Edition, Law Schools)  
650 0 4 |a Menores vc̕timas de abuso sexual  |x Situacin̤ legal, leyes, etc.  |z Espaą 
650 0 4 |a Menores y sexo  |x Situacin̤ legal, leyes, etc.  |z Espaą 
650 0 4 |a Menores maltratados  |x Situacin̤ legal, leyes, etc.  |z Espaą 
650 0 4 |a Delitos sexuales  |z Espaą  |x Aspectos legales 
650 0 4 |a Abuso sexual contra los menores  |z Espaą 
650 0 4 |a Delitos sexuales  |x Derecho y legislacin̤  |z Espaą 
710 1 |a Espanya.  |t Ley Orgǹica 5/2010, de 22 de junio, por la que se modifica la Ley Orgǹica 10/1995, de 23 de noviembre, del Cd̤igo penal 
740 0 |a vLex Libros (Servicio en ln̕ea) 
856 4 0 |u http://vlex.com/source/abusos-agresiones-sexuales-menores-trece-a-os-analisis-183-183-bis-cp-lo-5-2010-6009  |z Acceso restringido 
942 |c BOOK 
999 0 |a  Child sexual abuse 
999 0 |a Criminal law 
999 0 |a Abused children